000 004570000a22001690004500
041 0 _aSPA
082 0 4 _aG 270.92 V649i
100 1 _aVidales, Raúl
245 1 0 _aLa iglesia latinoamericana y la política despues de Medellín / Raúl Vidales
260 _aBogotá, Colombia : CELAM
300 _a170 Pag
001 8420
942 _cBK
999 _c38574
_d38574
336 _atexto
_btxt
_2rdacontent
337 _2rdamedia
_asin mediación
_bn
338 _2rdacarrier
_avolumen
_bnc